ՀՀ Գիտությունների ազգային ակադեմիայի հիմնարար գիտական գրադարան  =   Fundamental Scientific Library of NAS RA

Էներգետիկայի և էլեկտրատեխնիկայի հայ-ռուսերեն ուսումնական բառարան / (Record no. 332523)

MARC details
000 -LEADER
fixed length control field 01741nam a2200277 a 4500
001 - CONTROL NUMBER
control field 001005839
003 - CONTROL NUMBER IDENTIFIER
control field AM-YeHGA
005 - DATE AND TIME OF LATEST TRANSACTION
control field 20250618074249.0
008 - FIXED-LENGTH DATA ELEMENTS--GENERAL INFORMATION
fixed length control field 140307s2014 ai r 000 0 arm d
020 ## - INTERNATIONAL STANDARD BOOK NUMBER
International Standard Book Number 9789939720081
040 ## - CATALOGING SOURCE
Original cataloging agency AM-YeHGA
041 0# - LANGUAGE CODE
Language code of text/sound track or separate title arm
-- rus
090 ## - LOCALLY ASSIGNED LC-TYPE CALL NUMBER (OCLC); LOCAL CALL NUMBER (RLIN)
-- 334289
245 00 - TITLE STATEMENT
Title Էներգետիկայի և էլեկտրատեխնիկայի հայ-ռուսերեն ուսումնական բառարան /
Statement of responsibility, etc. ՀՀ ԿԳՆ, ՀՊՃՀ. Լեզ. գիտակրթ. կենտրոն. Ռուս. և օտար լեզ. բաժին ; Մ.Վ. Բայբուրտյան, Խ.Հ. Հովհաննիսյան, Կ.Ջ. Միրզաբեկյան, Գ.Զ. Աղայան.
260 ## - PUBLICATION, DISTRIBUTION, ETC.
Place of publication, distribution, etc. Երևան :
Name of publisher, distributor, etc. Ճարտարագետ,
Date of publication, distribution, etc. 2014.
300 ## - PHYSICAL DESCRIPTION
Extent 116 էջ.
504 ## - BIBLIOGRAPHY, ETC. NOTE
Bibliography, etc. note Գրակ. ցանկ. էջ 115
530 ## - ADDITIONAL PHYSICAL FORM AVAILABLE NOTE
Additional physical form available note Էլեկտրոնային պաշարը հասանելի է ՀՊՃՀ-ի գրադարանի էլեկտրոնային ընթերցասրահում
Uniform Resource Identifier <a href="http://libsrv.seua.am/chair_publications/1997E.pdf">http://libsrv.seua.am/chair_publications/1997E.pdf</a>
650 14 - SUBJECT ADDED ENTRY--TOPICAL TERM
Topical term or geographic name entry element Էներգետիկա և էլեկտրատեխնիկա
General subdivision Բառարաններ
700 1# - ADDED ENTRY--PERSONAL NAME
Personal name Բայբուրտյան, Մարիետտա Վահագի
Relator term կազմ.
Relationship com
700 1# - ADDED ENTRY--PERSONAL NAME
Personal name Հովհաննիսյան, Խորեն Հրանտի
Relator term կազմ.
Relationship com
700 1# - ADDED ENTRY--PERSONAL NAME
Personal name Միրզաբեկյան, Կարինե Ջանիի
Relator term կազմ.
Relationship com
700 1# - ADDED ENTRY--PERSONAL NAME
Personal name Աղայան, Գայանե Զեմլյակի
Relator term կազմ.
Relationship com
710 2# - ADDED ENTRY--CORPORATE NAME
Corporate name or jurisdiction name as entry element ՀՀ կրթության և գիտության նախարարություն
9 (RLIN) 8625
710 2# - ADDED ENTRY--CORPORATE NAME
Corporate name or jurisdiction name as entry element Հայաստանի պետական ճարտարագիտական համալսարան (Պոլիտեխնիկ).
Subordinate unit Լեզուների գիտակրթական կենտրոն.
-- Ռուսաց և օտար լեզուների բաժին
Holdings
Withdrawn status Lost status Damaged status Not for loan Collection Home library Current library Date acquired Cost, normal purchase price Shelving control number Total checkouts Full call number Barcode Date last seen Price effective from Koha item type Public note
        General Fundamental Scientific Library Fundamental Scientific Library 09/01/2017 500.00     AII/99688 FL0299648 09/01/2017 09/01/2017 Գրքեր / Books 30 Days Loan
        General Fundamental Scientific Library Fundamental Scientific Library 09/01/2017 500.00     AII/99689 FL0299649 09/01/2017 09/01/2017 Գրքեր / Books 30 Days Loan


ՀՀ ԳԱԱ հիմնարար գիտական գրադարան
ՀՀ,Երևան 0019
Մարշալ Բաղրամյան 24/6
հեռախոս:(374-10) 52-47-50
Հետադարձ կապ

All site content, except where otherwise noted, is licensed under a
Creative Commons License